000 00328nam a2200145Ia 4500
100 _aHearn/D& Baker /M.P
250 _a2
942 _cBK
654 _aComputer Graphics
245 _aComputer Graphics C version
260 _bPearson Education
_aNew Delhi
_c1997
082 _a6.6
_bHEA
300 _a652
546 _aENGLISH
999 _c23642
_d23642